| 000 | 00497nam a22001817a 4500 | ||
|---|---|---|---|
| 005 | 20251108165441.0 | ||
| 008 | 250721s2001 xx 000 0 ara d | ||
| 082 | 1 | 4 | _a657.8/أخر |
| 100 | 1 | _aالأخرس، عاطف | |
| 245 | 1 | 0 | _aمحاسبة المنشأت السياحية / |
| 264 | 1 |
_aعمان : _bدار البركة، _c2001. |
|
| 300 | _a158ص | ||
| 650 | 1 | 7 | _aالمحاسبة |
| 650 | 1 | 7 | _aالفنادق |
| 700 | 1 | _aحمودة، سمير | |
| 942 |
_2ddc _cBK |
||
| 999 |
_c28213 _d28213 |
||